| 000 | 00888cab a2200253 4500 | ||
|---|---|---|---|
| 001 | ABS56814 | ||
| 008 | 090401t1997 xxu||||| |||| 00| 0 eng d | ||
| 035 | _a(Sirsi) u77923 | ||
| 041 | _aeng | ||
| 100 | _aAnstey, J. | ||
| 245 | _aParty wall legislation widens to cover England and Wales | ||
| 260 | _c1997 | ||
| 350 | _a0 | ||
| 490 |
_aCSM (Chartered Surveyor Monthly) _v6(7) April 1997, 36-37(2) |
||
| 520 | _aWritten for surveyors familiar with the London Building Acts, this article explains the Party Wall etc Act 1996 and outlines the differences between the two acts. Case law. | ||
| 650 | _aGYLE-THOMPSON V WALSTREET | ||
| 650 | _aLEADBETTER V MARYLEBONE CORPORATION | ||
| 650 | _aLONDON BUILDING ACTS | ||
| 650 | _aPARTY WALL ETC ACT 1996 | ||
| 650 |
_aParty walls _96258 |
||
| 690 | _aBUILT ENVIRONMENT-BUILDING INSPECTION | ||
| 942 | _n0 | ||
| 948 | _c25/04/1997 | ||
| 999 |
_c49002 _d49002 |
||